Fao los primeros 40 anos /
Guardado en:
| Formato: | Libro |
|---|---|
| Publicado: |
Roma :
,
1985
|
| Etiquetas: |
Agregar Etiqueta
Sin Etiquetas, Sea el primero en etiquetar este registro!
|
| LEADER | 00343nam a22001335a 4500 | ||
|---|---|---|---|
| 001 | CEM.cems004779 | ||
| 005 | 20060217000000.0 | ||
| 008 | 130507s1985##################000#0#####d | ||
| 003 | CEMS | ||
| 082 | 0 | 4 | |a 061 |
| 245 | 0 | 0 | |a Fao los primeros 40 anos / |
| 260 | |a Roma : |b , |c 1985 | ||
| 300 | |a 155 p. | ||
| 859 | |a CEMS |b BIB. CEMS - 11 de abril |h 061 |i Or14 |p 14672.87 |t Ej.1 | ||
